02251 a2200193 4500020001500000020001800015082001200033100001900045245008900064260005100153300002100204490006600225500001500291520149300306700002301799830006601822856008201888856008701970 a0875848451 a978087584845704a332.6451 aAmram, Martha.10aReal options :bmanaging strategic investment in an uncertain world /cMartha Amram. a[S.l.] :bOxford University Press, USA,c1998. a246 p. ;c24 cm.1 aFinancial management association survey and synthesis series. aHardcover. aIn capital investing, as in life, you always have options. In today's extremely turbulent world, managers recognize how risky the most valuable investment opportunities often are, and how useful a flexible strategy can be. That's why they want to know all their options. Yet many current financial assessment tools fail to identify what investors can do to capitalize on future uncertain events. Martha Amram and Nalin Kulatilaka suggest a smarter new way to think about strategic investments in terms of real options. By applying options thinking--the concept behind the recent Nobel Prize-winning work on financial options--to the evaluation of nonfinancial assets, this innovative approach brings a financial market discipline to the evaluation of a company's opportunities. Using real options theory, managers can more effectively target crucial opportunities to redeploy, delay, modify, or even abandon capital-intensive projects as events unfold. Corporate executives in finances, investments, and project management should share this book with decision makers in information technology, strategic planning, corporate restructuring, venture capital, and law. Through timely case studies, the authors show managers how to use real options to evaluate investments and create exit strategies in R&D, product design, contracts, and information technology. By linking strategic vision and tactical project decisions, Real Options helps to improve capital investment planning and results.1 aKulatilaka, Nalin. 0aFinancial management association survey and synthesis series.403Amazon.comuhttp://www.amazon.com/exec/obidos/ASIN/0875848451/chopaconline-20403Amazon customer reviewsuhttp://www.chopac.org/cgi-bin/tools/azrev.pl?q=0875848451